000 00685nam a22002177a 4500
003 UA-OsUOA
001 97205
007 ta
008 20130327b un ||||| |||| 00| 0 ukr d
100 _aПантєлєєва Н.
090 _a330(477)
_bП16
942 _cSA
040 _aUA-OsUOA
_bukr
_cUA-OsUOA
_dUA-OsUOA
245 _aІнноваційні підходи до формування ресурсної бази банків на засадах клієнтоцентричної депозитної політики
300 _aС.50-59
955 _a0
041 _aukr
080 _a330(477)
773 0 _w97201
650 7 _a330 Економіка взагалі
_2UDC
999 _c383458
_d383458